|
|
|
|
| LEADER |
00000nam a2200000 a 4500 |
| 001 |
vtls001362793 |
| 003 |
SK-MaSNL |
| 005 |
20260301143150.0 |
| 008 |
251113s1998 GB ab r 0 eng |
| 015 |
|
|
|a SNBA1999/12-04644
|
| 020 |
|
|
|a 1900340089
|
| 035 |
|
|
|a SNK000316390
|
| 035 |
|
|
|a urn:nbn:sk:snk-amlrby
|
| 035 |
|
|
|a urn:nbn:sk:snk-am00c9gy
|
| 035 |
|
|
|a 263BF803-3DEF-4A80-8E0B-5DC781183505
|
| 040 |
|
|
|a SNK
|b slo
|c SNK
|e AACR2
|
| 041 |
0 |
|
|a eng
|
| 044 |
|
|
|a GB
|
| 080 |
|
|
|a 656.2:629.1=20
|2 1981
|
| 080 |
|
|
|a 629.1:625.1=20
|2 1981
|
| 245 |
0 |
|
|a Steam and rail in Slovakia
|c [edited] Paul Catchpole
|
| 260 |
|
|
|a Birmingham
|b Paul Catchpole
|a Martin
|b Neografia
|c c1998
|
| 300 |
|
|
|a 72 s.
|b fotogr., mp.
|c 28 cm
|
| 490 |
1 |
|
|a A locomotives international publication
|
| 500 |
|
|
|a Mp. na tit. strane
|
| 650 |
0 |
7 |
|a železnice
|z Slovensko
|x dejiny
|x súčasnosť
|2 SNK
|9 499719
|
| 655 |
|
7 |
|a príručky
|2 SNK
|9 74364
|
| 700 |
1 |
|
|a Catchpole, Paul
|4 adp
|4 pht
|9 499720
|
| 830 |
|
0 |
|a A locomotives international publication
|9 499721
|
| 919 |
|
|
|a 1-900340-08-9
|
| 958 |
|
|
|a TL
|
| 999 |
|
|
|c 772811
|d 774741
|
| 952 |
|
|
|t P60, <03>, [BOOK], {603}
|a SNK
|b SNK
|y PREZ
|7 0
|p 17A0192770
|o snkSB 60251
|i snkKSP 5480/99
|0 0
|1 0
|4 0
|d 1999-05-12
|f 1
|l 0
|r 2025-04-09 00:00:00
|w 2026-02-24
|